| 000 | 00897cam a2200277 i 4500 | ||
|---|---|---|---|
| 001 | 50065 | ||
| 003 | Mx-PuUPA | ||
| 005 | 20210910094226.0 | ||
| 008 | 140415s2003 sp gr 000 0 spa d | ||
| 020 | _a848088844X | ||
| 040 |
_aMx-PuUPA _bspa _cMx-PuUPA _dMx-PuUPA _erda |
||
| 041 | 0 | _aspa | |
| 100 | 1 |
_aCanals, Agustí, _eautor _911614 |
|
| 245 | 1 | 0 |
_aGestión del conocimiento / _cAgustí Canals |
| 264 | 1 |
_aBarcelona : _bEdiciones Gestión 2000, _c2003 |
|
| 300 |
_a106 páginas ; _c20 cm |
||
| 336 |
_2rdacontent _atexto _btxt |
||
| 337 |
_2rdamedia _asin medio _bn |
||
| 338 |
_2rdacarrier _avolumen _bnc |
||
| 490 | 0 |
_aLos libros de infonomia ; _v5 |
|
| 650 | 4 |
_aAdministración _xComunicación organizacional |
|
| 650 | 4 |
_aRecursos humanos _xConocimiento _xAdministración |
|
| 942 |
_2ddc _cLI _h658.4038 _iC2125 |
||
| 999 |
_c50065 _d50065 |
||